University Home | Library Home | Institutional Repository

The essential Piaget. (Record no. 171048)

MARC details
000 -LEADER
fixed length control field 00594cam1a220021700 4500
001 - CONTROL NUMBER
control field zam00002884
008 - FIXED-LENGTH DATA ELEMENTS--GENERAL INFORMATION
fixed length control field 951128s1977 xx eng u
035 ## - SYSTEM CONTROL NUMBER
System control number (Sirsi) r20221
035 ## - SYSTEM CONTROL NUMBER
System control number (MACHINE)SLC.
100 ## - MAIN ENTRY--PERSONAL NAME
Personal name Gruber, H. E.
Linkage A81491.1
245 14 - TITLE STATEMENT
Title The essential Piaget.
260 ## - PUBLICATION, DISTRIBUTION, ETC.
Date of publication, distribution, etc. 1977.
591 ## -
-- Class code: PS 330.
591 ## -
-- Course: Cognitive and perceptual development.
591 ## -
-- School: S05.
591 ## -
-- Lecturer: Ms. MWAPE, G.
591 ## -
-- Number of Students: 25.
949 ## - LOCAL PROCESSING INFORMATION (OCLC)
a BF723 .C5
w lcc
m MAIN
t BOOK
l ON-SHELF
909 ## -
-- Book

No items available.

© 2026 - The University of Zambia Library - Koha v25.11